<?xml version="1.0" encoding="UTF-8"?>
<marc:record xmlns:marc="http://www.loc.gov/MARC21/slim">
   <marc:leader>00000nam a2200000 a 4500</marc:leader>
   <marc:datafield ind1="1" ind2=" " tag="100">
      <marc:subfield code="a">Matschke, Matthias</marc:subfield>
   </marc:datafield>
   <marc:datafield ind1="1" ind2=" " tag="100">
      <marc:subfield code="a">Dusse, Karsten</marc:subfield>
   </marc:datafield>
   <marc:datafield ind1=" " ind2=" " tag="653">
      <marc:subfield code="a">Krimi</marc:subfield>
   </marc:datafield>
   <marc:datafield ind1=" " ind2=" " tag="653">
      <marc:subfield code="a">Hörbuch</marc:subfield>
   </marc:datafield>
   <marc:datafield ind1=" " ind2=" " tag="653">
      <marc:subfield code="a">Humor</marc:subfield>
   </marc:datafield>
   <marc:datafield ind1="0" ind2="0" tag="245">
      <marc:subfield code="a">Achtsam morden</marc:subfield>
   </marc:datafield>
   <marc:datafield ind1="0" ind2="0" tag="245">
      <marc:subfield code="c">Karsten Dusse. Gelesen von Matthias Matschke</marc:subfield>
   </marc:datafield>
   <marc:datafield ind1=" " ind2="1" tag="264">
      <marc:subfield code="b">Random House Audio</marc:subfield>
      <marc:subfield code="c">2019</marc:subfield>
   </marc:datafield>
   <marc:datafield ind1="1" ind2=" " tag="490">
      <marc:subfield code="a">Achtsam morden</marc:subfield>
      <marc:subfield code="v">1</marc:subfield>
   </marc:datafield>
   <marc:datafield ind1="1" ind2=" " tag="520">
      <marc:subfield code="a">Björn Diemel wird von seiner Frau gezwungen, ein  Achtsamkeits-Seminar zu besuchen, um seine Work-Life-Balance wieder herzustellen. Denn Björn ist ein erfolgreicher Anwalt und hat sehr wenig Zeit für seine Familie. Der Kurs trägt Früchte und Björn kann das Gelernt sogar in seinen Job integrieren, allerdings nicht ganz auf die erwartete Weise. Denn als sein Mandant, ein brutaler Großkrimineller beginnt, ihm ernstliche Probleme zu bereiten, bringt er ihn einfach um &#x96; und zwar nach allen Regeln der Achtsamkeit.</marc:subfield>
   </marc:datafield>
   <marc:datafield ind1="0" ind2=" " tag="490">
      <marc:subfield code="v">0</marc:subfield>
   </marc:datafield>
   <marc:datafield ind1=" " ind2=" " tag="300">
      <marc:subfield code="a">6 CDs (ca. 7 h 22 min.)</marc:subfield>
   </marc:datafield>
</marc:record>
